Quiz de opción múltiple – Sevilla - Estadísticas

Estadísticas generales
  • Esta prueba ha sido intentada 69 veces
  • La puntuación promedio es 8 de 10
Estadísticas de respuestas
Pregunta Respuesta % Correcto
¿Qué río pasa por Sevilla? El Guadalquivir
100%
¿En qué mes suele empezar la Feria de Sevilla? Abril
98%
¿Cuál de los siguientes escudos pertenece a un club no sevillano?
95%
¿Cuál es la segunda ciudad más poblada de la provincia de Sevilla? Dos Hermanas
94%
¿Cuál de estos artistas nació en Sevilla? Diego Velázquez
89%
¿Qué frase es una expresión enfática de afirmar especialmente común en Sevilla? A jierro
77%
¿Qué monumento histórico fue convertido de un alminar? La Giralda
69%
¿En qué siglo fue reconquistada la ciudad de Sevilla por las tropas cristianas? Siglo XIII
69%
Entre estas ciudades españolas, ¿cuál tiene un casco antiguo más extenso que lo de Sevilla? Ninguna de las anteriores
56%
El Lustro Real fue el período de tres años en que la familia real residió en Sevilla. ¿Bajo el reinado de qué rey tuvo lugar? Felipe V
27%
No se encontraron pruebas coincidentes
Distribución de puntuación
Porcentaje de gente con cada puntuación
Porcentaje por número respondido
Historial de tus puntuaciones
No has intentado esta prueba.